| 000 | 01418nam a2200313Ia 4500 | ||
|---|---|---|---|
| 999 |
_c5329 _d5329 |
||
| 003 | OSt | ||
| 005 | 20200606141804.0 | ||
| 008 | 191128t2008 sp a fr 001 0 spa d | ||
| 020 | _a9788449320941 | ||
| 040 |
_aCO-JMCR _cCO-JMCR |
||
| 041 | 1 |
_aspa _heso |
|
| 082 | 0 | 4 |
_a330.01 / _bM677e _223 |
| 100 | 1 |
_aMotterlini, Matteo, _eautor _95128 |
|
| 245 | 1 | 0 |
_aEconomía emocional : _b¿en que nos gastamos el dinero y por qué? / _cMatteo Motterlini ; con la colaborcion de Chiara Somajni ; traducción de Juan Carlos Gentile Vitale |
| 260 |
_aBarcelona : _bPaidós, _c©2008 |
||
| 300 |
_a306 páginas : _bilustraciones a blanco y negro ; _c21 cm. |
||
| 490 | 0 |
_aPaidós contextos ; _v121 |
|
| 500 | _aIncluye índice de nombres. | ||
| 505 | 0 | _aIrracionalidad cotidiana -- Conócete a ti mismo -- Decisiones, emociones y cerebro | |
| 520 | _aLa neuroeconomía, un campo de investigación en auge, descubre que cuando nos arriesgamos, nos fiamos de los demás, hacemos un negocio o nos juegan una mala pasada, se desencadena mecanismos neuronales de resultados. | ||
| 534 | _pEconomia emotiva | ||
| 546 | _aTraducido del italiano | ||
| 650 | 1 | 4 |
_aEconomía de la salud _95129 |
| 650 | 1 | 4 |
_aConsumidores _xactitudes _95130 |
| 650 | 1 | 4 |
_aEconomía _xaspectos psicológicos _95131 |
| 700 | 1 |
_aSomajni, Chiara, _ecolaborador _95132 |
|
| 700 | 1 |
_aGentile Vitale, Juan Carlos, _etraductor _95133 |
|
| 942 |
_2ddc _cBK |
||